The Best Player at each position - Statistics

General Stats
  • This quiz has been taken 16 times
  • The average score is 5 of 8
Answer Stats
Hint Hint Answer % Correct
HB Ravens Derrick Henry
100%
WR Bengals Ja'Marr Chase
100%
QB Seahawks Geno Smith
93%
TE Raiders Brock Bowers
87%
DT Giants Dexter Lawrence II
80%
S Packers Xavier McKinney
53%
LB Colts Zaire Franklin
20%
K Commanders Austin Seibert
13%
No matching quizzes found
Score Distribution
Percent of People with Each Score
Percentile by Number Answered
Your Score History
You have not taken this quiz